| 000 | 00459nam a2200169Ia 4500 | ||
|---|---|---|---|
| 008 | 180921t2000 xxu||||| |||| 00| 0 eng d | ||
| 041 | _aeng | ||
| 080 |
_a631.67 _bOOD |
||
| 100 | _aGunasena, H.P.M. | ||
| 245 | _aFood security and small tank systems in Sri lanka | ||
| 260 |
_bNational sciense foundation _aColombo _c2000 |
||
| 300 | _a129p., 28 cm | ||
| 650 | _aAgriculture | ||
| 942 | _cBK | ||
| 999 |
_c14660 _d14660 |
||
| 003 | LK-CoDNM | ||
| 040 |
_aLK-CoDNM _dLK-CoDNM _eLK-CoDNM |
||